| 000 | 00772nam a2200193 a 4500 | ||
|---|---|---|---|
| 008 | 120918s2005 ||||||||||||||||| || u | ||
| 020 | _a92-75-11612-1 | ||
| 050 | _aRA 784 NUT | ||
| 100 | _aFreire, Wilma B | ||
| 245 | 1 | 0 |
_aNutrition and an active life: from knowledge to action _cedited by Wilma B. Freire |
| 260 |
_aWashington, D. C.: _bPan American Health Organization _c2005 |
||
| 300 | _axii, 247p.: ill. | ||
| 500 | _aOrange Trunk Library Collection (WHO). | ||
| 650 | 0 | _aNUTRITION | |
| 650 | _aNUTRITION PROGRAMMES | ||
| 650 | _aENERGY METABOLISM | ||
| 650 | _aEXERCISE | ||
| 995 |
_aMEDICAL LIBRARY OPEN ACCESS _e901861 _FCBU-SCHOOL OF MEDICINE LIBRARY (Ndola) _jOTL RA 784 NUT (BOX 4) _M1 _UAVAILABLE _WOct 22, 2012 _y901861 _ZMedical Library Open Access Collection |
||
| 999 |
_c32224 _d32224 |
||